00809nam a2200241Ia 450000100060000000300090000600800410001504000130005604000130006904100130008210000210009510000290011624500590014524500590020425000110026326000110027426000260028526000490031130000410036050001110040165000240051265000310053641871IT-RoPAU130308s9999 xx 000 0 und d aIT-RoPAU cIT-RoPAU aFRANCESE aBrediceanu Mihai gCodice Aut. SPICS: 18421 aTopologie des formes sonores et musique (documento 44) bTopologie des Formes sonores et Musique (Documento 44) a1a ed. aITALIA bUniversita' Di Urbino c1975 [1° Ed.:1975 - Ed.Ling.Originale:1975] a"16 p. (prefazione: no ; testo: 16)" aForme sonore e Musica forme sonore e Trasmissione delle informazioni Linguaggio Musicale Come Forma Sonora aLINGUAGGIO MUSICALE eCodice materia Spics: 7004